| 000 | 00586nam a22001577a 4500 | ||
|---|---|---|---|
| 003 | CEME | ||
| 005 | 20210628202303.0 | ||
| 008 | 210308b xxu||||| |||| 00| 0 eng d | ||
| 040 | _c. | ||
| 082 | _a355.02 KHA'L | ||
| 100 |
_aKhan, Ahsanur Rehman _959157 |
||
| 245 | _aLatent angles of the afghanistan war 1978-1989 a thesis submitted to the area study centre university fo peshawar in partial tulfilmant of the requirement for the degree of doctor of philosophy (in control asian studies) | ||
| 260 |
_aRAWALPINDI _bARMY EDUCATION PRESS _c1996 |
||
| 300 | _a155P | ||
| 942 |
_cBK _2ddc |
||
| 999 |
_c569202 _d569202 |
||